000 00551nam a2200241Ia 4500
003 OSt
005 20220912145538.0
006 a|||||r|||| 00| 0
007 ta
008 220909b |||||||| |||| 00| 0 eng d
024 _a70153
037 _cTextual
040 _aCSL
_beng
_cCSL
041 _aeng
082 _aL:D65, J3
100 _aDonovan G E
245 0 _aMedical electronics
260 _c1953
300 _ap.
_ccm.
650 _aMedicine
942 _hL:D65, J3
_cTEXL
_2CC
999 _c34208
_d34208